TV Show By Funko! (Part One) Quiz Stats

 Plays Quiz not verified by Sporcle

Score 0/20 Timer 05:00
0 Plays Today
% Correct
Family Guy
93.1%
The Simpsons
93.1%
Game Of Thrones
92.3%
Doctor Who
90.5%
Batman
85.7%
Friends
82.3%
Adventure Time
78.5%
Rick And Morty
74.7%
Stranger Things
74.6%
Lost
70.9%
% Correct
Animaniacs
69.8%
Star Trek: The Next Generation
65.9%
Buffy The Vampire Slayer
64.1%
Sons Of Anarchy
58.7%
Thundercats
53.4%
Westworld
46.6%
Rocko's Modern Life
43.7%
Twin Peaks
29.1%
The Blacklist
27.5%
American Gods
21.7%

You're not logged in!

Compare scores with friends on all Sporcle quizzes.
OR
Log In

Show Comments

Extras

Top Quizzes Today


Score Distribution

Your Account Isn't Verified!

In order to create a playlist on Sporcle, you need to verify the email address you used during registration. Go to your Sporcle Settings to finish the process.

Report this User

Report this user for behavior that violates our Community Guidelines.

Details: